000 00502cam a22001457a 4500
999 _c508456
_d508456
008 180718b xxu||||| |||| 00| 0 eng d
082 _aT19 Ec74/1995-96/U
100 _aIndia. Ministry of Finance
_93782
245 _aEconomic survey, India, 1995-96
_cby Ministry of Finance
260 _aNew Delhi
_bGovernment of India
300 _a21p.
500 _aLibrary has 1957/58-1967/68, 1971/72-2011/12, 2013/14, 2014/15, 2015-16, 2016-17, 2017-18
650 _aEconomic surveys - India
_93783
942 _2ddc